000 00358nam a2200145Ia 4500
008 090124s9999 xx 000 0 und d
082 _b304674
245 _a मधुआ
250 _a1
260 _bगुप्ते मधुकर नीलकंठ
_c2003
300 _a168
630 _a मधुआ
730 _a मधुआ
942 _cBOOK
999 _c194603
_d194603